000
00251nam a22001097a 4500
008
170123b xxu||||| |||| 00| 0 eng d
020
_a
9780323033664
041
_a
eng
080
_2
7TH
_a
618.2
245
_a
MATERNITY NURSING
_c
PERRY, L
942
_2
udc
_c
BK
999
_c
3383
_d
3383